000 01429nam a2200301Ia 4500
999 _c51392
_d51392
001 18377
003 GE_BSU
005 20210713174252.0
008 181216s2015||||ge |||||||||||||| ||geo||
020 _a9789941218262
040 _cGE_BSU
041 _ageo
080 _a658.8+339.187 ჰ-79
100 _aჰოპკინსი, ტომ
_912245
245 _aგაყიდვები მარტივად /
_cტომ ჰოპკინსი ; რედ. ლ. ჭინჭარაული ; მთარგმნ. ნ. ტეტუნაშვილი ; დიზაინერი ეთო გზირიშვილი.
264 _aთბილისი :
_bპალიტრა L,
_c2015.
300 _a364 გვ. :
_bილ. ;
_c24 სმ.
490 _aლურჯი ოკეანე - წარმატების ბიბლიოთეკა
541 _h17ლ.
653 _aგაყიდვები მარტივად
653 _aგაყიდვების მართვა
653 _aმარკეტინგი
653 _aეკონომიკა
700 _aჭინჭარაული, ლ.
_eრედაქტორი
_912246
700 _aტეტუნაშვილი, ნ.
_eმთარგმნელი
_912247
700 _aგზირიშვილი, ეთო
_eდიზაინერი
_911677
942 _cBK
_2udc